Mapa de ciudades españolas A-Z - Estadísticas

Estadísticas generales
  • Esta prueba ha sido intentada 144 veces
  • La puntuación promedio es 16 de 26
Respuestas en el mapa
Las respuestas están codificadas por una escala verde-roja en el mapa de la prueba según el % correcto abajo.
 
Estadísticas de respuestas
Respuesta % Correcto
Barcelona
84%
Madrid
83%
Zaragoza
82%
Ceuta
77%
Ibiza
77%
León
75%
Gerona
74%
Reus
73%
Ferrol
68%
Toledo
68%
Oviedo
67%
Pamplona
67%
Xerez de la Frontera
67%
Santander
66%
Jaén
65%
Elche
64%
Arrecife
55%
Vitoria
55%
Nerja
54%
Don Benito
50%
Quart de Poblet
50%
Karrantza
40%
Haro
38%
Úbeda
34%
Yecla
34%
Wamba
33%
No se encontraron pruebas coincidentes
Distribución de puntuación
Porcentaje de gente con cada puntuación
Porcentaje por número respondido
Historial de tus puntuaciones
No has intentado esta prueba.